00711nam a2200241 a 4500001001300000003000900013005001700022008004100039020002300080082002100103100001800124245003800142260004500180300000900225500003500234505001000269650001800279700001800297902000800315942000700323952012200330999001700452nice12345678IN_TiNIC20260116013552.0050524s1995 newa grp 000 0 eng  a070699570 c29500a305.6297054bKHA aKhalidi, Omar aIndian Muslims Since Independence aNew DelhibVikas Publication Housec1995 a246p aincludes index and biblioraphy2 aIndex aMuslims-India1 aKhalidi, Omar bSRS cBK 001040708StackRoom-aHMIbHMId2008-04-09g295.00l0o305.6297054 KHAp016396r2008-04-09v295.00w2005-05-24yBK c11509d11509